Ján Johanides: Trestajúci zločin

Bibliographic Details
Main Author: Spišiaková, Mária (Author)
Format: Article
Language:Slovak
Subjects:

MARC

LEADER 00000nab a2200000 a 4500
001 vtls000608218
003 SK-MaSNL
005 20260304090803.0
008 250425c1996 xo 0 slo
015 |a SNBRB19rr/mm-uuuuu 
035 |a CL0608357 
035 |a urn:nbn:sk:snk-abbqh5 
035 |a (urnnbn)urn:nbn:sk:snk:ar-002n1u 
035 |a (uuid)ceb59963-703a-4cc4-81ab-1b738e4503b9 
040 |a SNKBUCL  |b slo  |c SNKBUCL  |e AACR2 
041 0 |a slo 
044 |a xo  |c SK 
080 |a 82.09:885.4-3(048)  |2 1981 
080 |a 885.4-3(048)  |2 1981 
100 1 |a Spišiaková, Mária  |4 aut  |9 525743 
245 1 0 |a Ján Johanides: Trestajúci zločin  |c Mária Spišiaková 
650 0 7 |a slovenské novely  |2 snkbucl  |9 383297 
650 0 7 |a psychologické novely  |2 snkbucl  |9 568835 
655 7 |a články z novín a časopisov  |2 snkbucl  |9 267496 
655 7 |a recenzie  |2 snkbucl  |9 21907 
773 0 |t Dotyky  |g Roč. 8, č. 8 (1996), s. 41-42 
787 0 8 |i Rec.:  |a Johanides, Ján  |t Trestajúci zločin  |d Bratislava : Slovenský spisovateľ, 1995 
850 |a Slovenská národná knižnica 
852 |a Slovenská národná knižnica 
954 |a odborná, vedecká literatúra pôvodná (slovenská)  |2 lita 
958 |a article15 
958 |a LX 
958 |a SK 
958 |a RK 
958 |a OND 
958 |a EUIPO 
992 |a RBX 
999 |c 2812713  |d 2814643